|
|
|
|
| LEADER |
01039nam a2200253 a 4500 |
| 001 |
224933452 |
| 008 |
091221s1998 ctua 000 0 eng d |
| 020 |
|
|
|a 0697391930
|
| 020 |
|
|
|a 9780697391933
|
| 040 |
|
|
|a AU@
|c AU@
|d YDXCP
|d BD-DhAAL
|
| 082 |
0 |
0 |
|a 309.1/73/09205
|2 21
|
| 245 |
0 |
0 |
|a Social problems 98/99 /
|c editor, Harold A. Widdison.
|
| 246 |
3 |
|
|a Annual editions. Social problems 98/99.
|
| 260 |
|
|
|a Guilford, CT. :
|b Dushkin/McGraw-Hill,
|c c1998.
|
| 300 |
|
|
|a x, 229 p. :
|b ill. ;
|c 27 cm.
|
| 490 |
0 |
|
|a Annual editions
|
| 504 |
|
|
|a Includes bibliographical references.
|
| 541 |
1 |
|
|e 00010648
|
| 651 |
|
0 |
|a United States
|x Social conditions
|y 1960-
|v Periodicals.
|
| 651 |
|
0 |
|a United States
|x Social conditions.
|
| 700 |
1 |
|
|a Widdison, Harold A.
|
| 852 |
4 |
|
|a Ayesha Abed Library
|j General Shelf.
|
| 999 |
|
|
|c 6335
|d 6335
|
| 952 |
|
|
|0 0
|1 0
|2 ddc
|4 0
|6 309_173092050000000_SOC_1998
|7 0
|9 6385
|a BRACUL
|b BRACUL
|c GEN
|d 2009-12-23
|g 0.00
|l 0
|o 309.17309205 SOC
|p 3010010648
|r 2009-12-23
|t 1
|w 2009-12-23
|y BK
|x No price found in the accession register.
|